Diálogos / (Record no. 141271)

MARC details
000 -LEADER
campo de control de longitud fija 00609nam a2200193 i 4500
001 - NÚMERO DE CONTROL
campo de control 141271
003 - IDENTIFICADOR DE NÚMERO DE CONTROL
campo de control ES-MaACL
005 - FECHA Y HORA DE LA ÚLTIMA TRANSACCIÓN
campo de control 20250823063109.0
007 - CAMPO FIJO DE DESCRIPCIÓN FÍSICA--INFORMACIÓN GENERAL
campo de control de longitud fija t|
008 - DATOS DE LONGITUD FIJA--INFORMACIÓN GENERAL
campo de control de longitud fija 070920s1928 sp ||||1| spa d
100 1# - ENTRADA PRINCIPAL--NOMBRE DE PERSONA
Nombre de persona Vives, Juan Luis,
Fechas asociadas al nombre 1492-1540
9 (RLIN) 115574
245 10 - MENCIÓN DEL TÍTULO
Título Diálogos /
Mención de responsabilidad, etc. de Juan Luis Vives ; traducidos en lengua castellana por Critóbal Coret y Peris.
250 ## - MENCION DE EDICION
Mención de edición Nueva edición.
260 ## - PUBLICACIÓN, DISTRIBUCIÓN, ETC.
Lugar de publicación, distribución, etc. Madrid :
Nombre del editor, distribuidor, etc. [s.n.],
Fecha de publicación, distribución, etc. 1928 (
Fabricante Impr. "La Rafa")
300 ## - DESCRIPCIÓN FÍSICA
Extensión 266 p. ;
Dimensiones 23 cm.
700 1# - ENTRADA AGREGADA--NOMBRE PERSONAL
Nombre de persona Coret y Peris, Cristóbal.
9 (RLIN) 40585
852 ## - LOCALIZACIÓN
Ubicación ES-MaACL
Número de control de estantería B-536
Holdings
Estatus retirado Estado de pérdida Estado de daño No para préstamo Biblioteca de origen Biblioteca actual Ubicación en estantería Fecha de adquisición Fuente de adquisición Total de préstamos Signatura topográfica completa Código de barras Visto por última vez Precio de reemplazo Tipo de ítem Koha
        Biblioteca del Ateneo de Madrid Biblioteca del Ateneo de Madrid Sala Pardo Bazán 17/01/2008     B-536 1146996 23/02/2023 23/02/2023 Libro impreso